| 000 | 00421nam a2200157 a 4500 | ||
|---|---|---|---|
| 005 | 20140310183323.0 | ||
| 008 | 060313s19uu xx 00 eng d | ||
| 020 | _a0-425-14094-6 | ||
| 050 |
_aPS 3553.O5545 _b.C771 1994 |
||
| 100 | _aCook, Robin | ||
| 245 |
_aTerminal / _cRobin Cook. |
||
| 260 |
_aNew York : _bThe Berkley Publishing Group, _c1994. |
||
| 300 |
_a370 p. : _c18 cm. |
||
| 942 |
_cBK _2lcc |
||
| 999 |
_c21460 _d21460 |
||